000 00470nam a2200157 a 4500
005 20140310182409.0
008 090204s19uu xx 00 eng d
020 _a159060492X
050 _aLB 1140
_b.D555 2005
245 _aDid you know that? /
_bsurprising facts and fun activities :
260 _aNew York :
_bPlaymore,
_c2005.
300 _a144 p. :
_bill. ;
_c19 cm.
650 _aCuriosities and wonders
_xJuvenile literature.
942 _cBK
_2lcc
999 _c12793
_d12793